000 01290cad a22002295a 4500
001 L149767
008 100421s2010 xxkd f s 000 0 eng d
035 _a(Sirsi) u149767
041 0 _aeng
050 0 4 _a346.4172 $2 18
110 2 _aRoyal Institution of Chartered Surveyors
_bEconomics
_95033
245 0 0 _aRICS Arts and antiques market survey
_bFirst quarter 2010
_h[electronic resource]
260 _aLondon
_bRICS
_c2010
490 0 _aRICS Arts and Antiques Market Survey
_vFirst Quarter 2010
520 _aThe net balance of surveyors reported rising rather than falling prices edged up further in the first quarter with the All Lot price balance increasing from +17 to +22 (the highest reading since Q1 2008). This attrituted to a shortage of stock on the market. Out of the ten subsectors covered in the survey, only contemporary art one did not record a positive net balance during the latest three month period. Predicts that demand will outstrip supply over the next twelve months.
590 _aKA
650 2 4 _aRICS ARTS AND ANTIQUES MARKET SURVEY
651 4 _aUnited Kingdom
_y
690 _aArts and antiques
_96217
856 4 0 _uhttps://www.rics.org/site/download_feed.aspx?fileID=6291&fileExtension=PDF
_z View this item free of charge at www.rics.org
942 _n0
999 _c110620
_d110620